| 000 | 01006nam a22003017a 4500 | ||
|---|---|---|---|
| 003 | CHAP | ||
| 005 | 20220329134008.0 | ||
| 008 | 971013s1975 r 00010 d | ||
| 010 | _a13795 | ||
| 011 | _a14767 | ||
| 035 | _a18841 | ||
| 040 | _cCHAP | ||
| 090 | _aTesis | ||
| 100 | 0 | 0 |
_aGonzález del Valle, Julio César. _948845 |
| 245 | _aEvaluación de distancias de siembra en pepino (Cucumis sativus, L.) para ensalada | ||
| 260 |
_aGuatemala : _bEl autor, _c1975 |
||
| 300 | _a51 p | ||
| 502 | _aTesis (Ing. Agrónomo. Lic. en Ciencias Agrícolas) -- Univ. de San Carlos de Guatemala. Fac. de Agronomía | ||
| 590 |
_aALEPH _b10 _c20130110 _lUCH01 _h1234 |
||
| 590 |
_aBATCH-UPD _b10 _c20130110 _lUCH01 _h2309 |
||
| 590 |
_aBATCH-UPD _b10 _c20130410 _lUCH01 _h1601 |
||
| 590 |
_aBATCH-UPD _b10 _c20130914 _lUCH01 _h1906 |
||
| 590 |
_aCONVERSION _b10 _c20130109 _lUCH01 _h1309 |
||
| 650 | 1 | 4 |
_aPepino _xEspaciamiento. _986906 |
| 901 | _aBK | ||
| 942 | _cTESIS | ||
| 949 |
_bBC _cTES _d-43793 _eTS1 _i18841 _si |
||
| 999 |
_c13795 _d13795 |
||